Quizzes
Events
Quiz Creation
Community
Videos
Private Events
Remove Ads
Sign In
Join for FREE
Feedback
Dark Mode
Quiz Categories
Sports
Geography
Music
Movies
Television
Just For Fun
Miscellaneous
History
Literature
Language
Science
Gaming
Entertainment
Religion
Holiday
For Kids
Quiz Lab
Recent
Popular Today
Quiz Kudos Today
Editor Picks
Curator Picks
Quizzes by...
Day
Popularity
Type
Ratings
Length
Year
Community
Subscriptions
Recent Discussions
Orange Saloon
Badges
Playlists
Quests
Create
Leaderboards
Showdown
Live 5
Trivia Bingo
Activity
Puzzle Library
Sporcle Events
Private Events
Virtual Trivia
Globe League
Become a Host
Pub Owners
SporcleCon
Opinionation
Our Games
Videos
Blog
Mobile Apps
Partnerships
Remove Ads and Go Orange
Feedback
Gaming
Video Games
Board Games
Card Games
Pokémon
Mario
Nintendo
Minecraft
Console
Toys
Legend of Zelda
Gaming
Video Games
Board Games
Card Games
Pokémon
Mario
Nintendo
Minecraft
Console
Toys
Legend of Zelda
Random Quiz
Search Sporcle
×
Curator Pick
Curator Pick
Gaming
Video Games
Type in answers that appear in a list
Type in answers that appear in a list
Classic
Best Score? Go Orange.
Video Game Heroes vs. Villains Stats
Can you name the video game heroes and villains?
By
imabanana
20m
118 Questions
2,423 Plays
2,423 Plays
2,423 Plays
Comments
Comments
Give Quiz Kudos
Give Quiz Kudos
-
- Ratings
hide this ad
More Info
Replay
Link that replays current quiz
Next Quiz
Link to next quiz in quiz playlist
You Got
0%
They Got
Avg Score
47%
Avg Friend Score
Upgrade to see
Score Distribution
Jump to the score distribution portion of the page
Score
0/118
Timer
20:00
0
Plays Today
% Correct
Mario
95.9%
Mario Series
95.8%
Donkey Kong
88.1%
Link
88%
Wario
88%
Yoshi
87.6%
Bowser
86.7%
Joker
85.7%
Sonic
85%
Sonic the Hedgehog Series
85%
Ash Ketchum
83.8%
Pikachu
82.4%
Team Rocket Jessie
77.7%
Boo
77.4%
Team Rocket James
77.2%
Pac-Man Ghosts
77%
Donkey Kong Series
77%
Samus Aran
76.2%
Lara Croft
76%
Master Chief
75.6%
Koopa Troopa
73.3%
Dr. Ivo Robotnik
72.5%
T Block
69%
Shadow
67.2%
Goomba
65.3%
Tetris
64.3%
Kirby
63.9%
Kirby Series
63.9%
Ganondorf
63.2%
The Legend of Zelda Series
63%
Solid Snake
62.2%
Ratchet
62.2%
Duke Nukem
62.1%
Duke Nukem Series
62.1%
Big Daddy
61%
Invader Alien
59.4%
Pokemon Series
58.7%
Jak
58.6%
Bullet Bill
57.1%
Skull Kid
55.9%
% Correct
Halo Series
55.9%
Ness
55.8%
Conker
55.7%
Batman Arkham Asylum
54.8%
Pac Man
54.2%
GLaDOS
53.7%
Weighted Companion Cube
52.9%
Dr. Neo Cortex
52.5%
Creeper
50.4%
Gordon Freeman
50.3%
Sephiroth
49.9%
Tombraider Series
49.6%
Daxter
49.4%
Metroid Series
48.8%
Portal
48.2%
Space Invaders
47.7%
Professor Layton
46.8%
Professor Layton Series
46.8%
Bioshock Series
46.3%
Dr. Wily
46.3%
Commander Shepard
45.9%
Midna
44.1%
Resident Evil Series
43.3%
Red Dead Redemption
42.7%
Mass Effect
42.6%
Half-Life Series
42.4%
Wolf O'Donnell
41.9%
Final Fantasy Series
41.3%
Crash Bandicoot Series
41.3%
Gears of War
40.4%
Albert Wesker
39.4%
Left 4 Dead Series
39.2%
Navi
38.8%
King K. Rool
38.8%
Marcus Fenix
38%
Goro
37.6%
Cortana
37.5%
Mirror's Edge
37.3%
Tank
37.1%
Mega Man Series
36.6%
% Correct
Mortal Kombat Series
36.5%
Ratchet & Clank Series
35.9%
Minecraft
35.7%
Metal Gear Solid Series
35%
Jak & Daxter Series
34.3%
Boomer
34.2%
Star Fox Series
34%
Earthbound
32.8%
John Marston
31.1%
Conker's Bad Fur Day
30.6%
Leon Kennedy
29.8%
Bill
28.1%
Faith
27.6%
Hunter
27.3%
Dr. Kawashima's Brain Training
26.8%
Smoker
25.4%
Grunty
25.2%
Perfect Dark
24.7%
Dead Rising 2
24.5%
Dr. Kawashima
22.5%
343 Guilty Spark
22.4%
Banjo Kazooie Series
22%
Joanna Dark
20.5%
Louis
20.4%
Zoey
19.7%
Francis
19.2%
Big Sister
18.6%
Chuck Greene
17.2%
Saren Arterius
15.9%
Chu Chu
14.4%
Trauma Center Series
12.6%
Timesplitters Series
11.3%
Morrigan
10.3%
Dragon Age: Origins
9.2%
Sgt. Cortez
6.8%
Derek Stiles
5.7%
LeChuck
4%
Monkey Island Series
4%
Quiz Playlist
Details
Report
Send in Message
Add To Playlist
More Info:
If the image cannot be clearly seen click this link: http://i1225.photobucket.com/albums/ee384/Balverine93/HeroesvsVillans4.png
Classic:
Type in answers that appear in a list
Last Updated: Aug 28, 2017
Curator Pick in
Video Games
Quiz Scoreboard
CHALLENGE
Sign Up to Join the Scoreboard
Show All
Scores
Hide
Comments
May contain spoilers
Recently Published
NBA Finals Game Top Scorers (2010s)
by flibbidy
Sports
5m
Guess the 'R' Things in 3 Words
by MSUKent
Miscellaneous
3m
Actor to Badly Drawn Movie III
by MoMosMoProblems
Movies
5m
More to Explore
Quiz From the Vault
Featured Blog Post
Where Does Lost Luggage Go?
hide this ad
You Might Also Like...
Tags
Video Games Quiz
Here
Hero
Image Quiz
ultimate
Villains
Today's Top Quizzes in Gaming
Browse Gaming
hide this ad
Today's Top Quizzes in Video Games
Browse Video Games
Top Contributed Quizzes in Gaming
1
Video Game Rainbow Blitz
2
Genshin Impact Logic Puzzle
3
Pokémon Gen IV Logic Puzzle (HARD)
4
Rainbow Six Siege Operators by Picture
5
Genshin Impact Logic Puzzle Quiz
6
Pokémon Logic Puzzle (DIFFICULT)
7
Ordering Roman Numerals: Pokémon
8
Magic: the Gathering Set Symbols - LCI
9
St. Patrick's Pick: Gaming
10
Wii Remote Buttons
Explore More
Trending Topics
Crossword
Anime
NBA
Disney
Harry Potter
Marvel
Kpop
Puzzle
WWE
NFL
The Office
Soccer
Pokémon
Country
Song
hide this ad
More By:
imabanana
Quiz
Plays
Rating
Category
Featured
Created
FIFA World Rankings Since 1993
262,864
4.58
Sports
Sep 24, 2011
Most Visited Websites Per Country
244,332
4.43
Miscellaneous
Sep 8, 2010
International Soccer Cup Winners
223,175
4.65
Sports
May 1, 2010
English Football Champions Minefield
155,153
4.40
Sports
Jun 24, 2011
Pokémon by Letter (Each Generation)
93,233
4.30
Gaming
Jun 26, 2011
Go to Creator's Profile
Score Distribution
Quiz Creator Spotlight
imabanana
Follow
Send a Message
Quizzes Created
-
Created Quiz Play Count
-
More By This Creator
Popular Quizzes Today
1
Find the US States - No Outlines Minefield
2
Find the US States
3
The Countries of the World
4
10 Largest US States in Order
5
Find the Countries of Europe - No Outlines Minefield
6
US States
7
Guess the 'R' Things in 3 Words
8
NBA Finals Game Top Scorers (2010s)
More Gaming Quizzes
9x17 Mosaic Logic Puzzle II
Quiz Lab
Trending Quizzes
First Name TV: Leading Men
Match the Book to the Film II
First Name TV: Leading Women Drama
Match the Book to the Film VI
Pick A Pair: Religious TV
Recently Updated
Women's Final Four Teams by Year
bhenderson79
Presidents Quartet II
eogle
Anything But Clue(do)
eogle
Anything But Oceanian Capitals
eogle
Anything But 7
eogle
Anything But Thing
eogle
Word Ladder: February 29
pecheneg
Song Title Questions
pecheneg
Women's NCAA Tournament #1 Seeds
pecheneg
Celebrity Mug Shots
pecheneg
Trending Topics
Harry Potter
Crossword
Disney
Kpop
NBA
Marvel
Anime
WWE
Song
The Office
Country
Pokémon
Soccer
NFL
Puzzle
Your Account Isn't Verified!
In order to create a playlist on Sporcle, you need to verify the email address you used during registration. Go to your
Sporcle Settings
to finish the process.
Report this User
Report this user for behavior that violates our
Community Guidelines
.
Details:
Send Report
Go to the Sporcle.com Mobile Site →
Comments